000 04246cam a2200745Ii 4500
003 SJDS
005 20160925162030.0
008 130909s2013 enka j 000 1 eng d
020 _a9781846435683 (pbk.)
020 _a1846435684 (pbk.)
035 _a720580
035 _a(OCoLC)857773128
_z(OCoLC)829743570
035 _a716475
035 _a720580
035 _a720580
040 _aPNX
_beng
_erda
_cPNX
_dOCLCO
_dOCLCQ
_dCWJ
_dBTCTA
_dYDXCP
_dSAP
_dCGP
041 1 _aeng
_aspa
_heng
049 _aIFAA
999 _c16142
_d16142
999 _bESPANOL PICTURE BOOKS COOK 2013
245 0 0 _aCook it! = A cocinar! /
_cillustrated by Georgie Birkett = ilustrado por Georgie Birkett ; traducido por Teresa Mlawer.
246 3 1 _aA cocinar!
246 3 0 _aCocinar!
260 _aSwindon
_bChild's Play (International) Ltd,
_c[2013]
264 1 _aSwindon :
_bChild's Play (International) Ltd,
_c[2013]
300 _a1 volume (unpaged) :
_bcolor illustrations ;
_c21 cm.
336 _atext
_btxt
_2rdacontent
336 _astill image
_bsti
_2rdacontent
337 _aunmediated
_bn
_2rdamedia
338 _avolume
_bnc
_2rdacarrier
490 1 _aHelping hands
520 _aA girl helps her father shop for groceries and prepare and serve a home-made pizza.
520 _aUna ninña ayuda a su padre hacer la compra y preparar y servir una pizza hecha en casa.
650 0 _aGrocery shopping
_vJuvenile fiction.
650 0 _aCooking
_vJuvenile fiction.
650 0 _aPizza
_vJuvenile fiction.
650 0 _aHelpfulness
_vJuvenile fiction.
650 0 _aFathers and daughters
_vJuvenile fiction.
650 0 _aSpanish language materials
_xBilingual
_vJuvenile literature.
650 4 _aMateriales bilingües en español
_vLiteratura juvenil.
650 7 _aCompras (Mercado)
_vNovela juvenil.
_2bidex
650 7 _aEspíritu de servicio
_vNovela juvenil.
_2bidex
650 7 _aPadres e hijas
_vNovela juvenil.
_2bidex
650 7 _aCocina
_vNovela juvenil.
_2bidex
700 1 _aBirkett, Georgie,
_eillustrator.
700 1 _aMlawer, Teresa,
_etranslator.
710 2 _aChild's Play (Firm),
_eeditor.
730 0 2 _aCook it!
730 0 2 _aCook it!.
_lSpanish.
830 0 _aHelping hands.
_lSpanish & English.
942 _cBK